00901nam a2200229Ia 4500008004100000020001800041082001500059100002200074245002600096250000800122260002900130300001100159500002400170650001500194700002200209942000700231952010400238952010400342952010400446952010400550999001700654230524s9999 xx 000 0 und d a9788131505311 a174.4bHOF aK.Douglas Hoffman 0aMarketing of Services aIST aNEW DELHIbCengagec2009 aIX;417 aQuantity Number: 4 aManagement a John E.G.Bateson cBK 00104070aTATCLbTATCLcGENd2023-05-24l0o174.4 HOFp35012r2023-05-24w2023-05-24yBKzMBA305A 00104070aTATCLbTATCLcGENd2023-05-24l0o174.4 HOFp35013r2023-05-24w2023-05-24yBKzMBA305A 00104070aTATCLbTATCLcGENd2023-05-24l0o174.4 HOFp37470r2023-05-24w2023-05-24yBKzMBA305A 00104070aTATCLbTATCLcGENd2023-05-24l0o174.4 HOFp37471r2023-05-24w2023-05-24yBKzMBA305A c45505d45505